| 000 | 00625 a2200217 4500 | ||
|---|---|---|---|
| 001 | sjds | ||
| 003 | sjds | ||
| 005 | 20240422105017.0 | ||
| 008 | 240422b |||||||| |||| 00| 0 spa d | ||
| 020 | _a9788467208924 | ||
| 020 | _a8467208929 | ||
| 040 | _csjds | ||
| 041 | _aspa | ||
| 100 | _aBesora, Ramon | ||
| 245 |
_aAprende el abcdario con el ratoncillo sabio / _cRamon Besora, Francesc Rovira |
||
| 246 | _aAprende el abcdario con el ratoncillo sabio | ||
| 260 |
_aBarcelona : _b Cr̕culo de Lectores, _c[2004] |
||
| 300 |
_a [58] p. ; _b. il. color ; _e1 dp̕tico |
||
| 700 | 1 | _aRovira, Francesc | |
| 942 |
_cK _2ddc |
||
| 999 |
_c29431 _d29429 |
||